| 000 | 00868nam a2200241 i 4500 | ||
|---|---|---|---|
| 001 | 125620 | ||
| 003 | ES-MaACL | ||
| 005 | 20260424183902.0 | ||
| 007 | t| | ||
| 008 | 070621s1974 fr ||||1| fre d | ||
| 080 | _a262.13:821.133.1-4 | ||
| 100 | 1 |
_aDurrell, Lawrence, _d1912-1990 _946321 |
|
| 245 | 1 | 3 |
_aLa papesse Jeanne _b: récit / _cLawrence Durrel ; adapté de l'ouvre de Emanuel Roydis ; traduit de l'anglais par Georges Belmont et Hortense Chabrier. |
| 260 |
_aParis : _bBuchet/Chastel, _c[1974] |
||
| 300 |
_a231 p. ; _c21 cm. |
||
| 500 | _aBiblioteca Jacinto Martínez Lacalle. | ||
| 600 | 4 |
_aJuana, Papisa (Personaje de ficción) _9219175 |
|
| 700 | 1 |
_aBelmont, Georges. _927298 |
|
| 700 | 1 |
_aChabrier, Hortense. _937741 |
|
| 700 | 1 |
_aRhoides, Emmanouel, _d1836-1904 _9172897 |
|
| 852 |
_aES-MaACL _jE-11740 _bR.139790 |
||
| 999 |
_c125620 _d125620 |
||